书目信息 |
| 题名: |
语音信号鲁棒特征提取及可视化技术研究
|
|
| 作者: | 韩志艳 , 伦淑娴 , 王健 著 | |
| 分册: | ||
| 出版信息: | 沈阳 东北大学出版社 2012 |
|
| 页数: | 130页 | |
| 开本: | 24cm | |
| 丛书名: | ||
| 单 册: | ||
| 中图分类: | TN912.3 , TP391.99 , TN912 | |
| 科图分类: | ||
| 主题词: | 语声信号处理--研究 , 可视化仿真--研究 , 语声信号处理 , 可视化仿真 | |
| 电子资源: | ||
| ISBN: | 978-7-5517-0113-6 | |
| 000 | 01303nam0 2200325 450 | |
| 001 | 2361132861 | |
| 005 | 20231215165918.76 | |
| 010 | @a978-7-5517-0113-6@d25.00CNY | |
| 090 | @aTN912.3@bhzy | |
| 096 | @aTN912.3@bhzy | |
| 100 | @a20120712d2012 em y0chiy0120 ea | |
| 101 | 0 | @achi |
| 102 | @aCN@b210000 | |
| 105 | @aa z 000yy | |
| 200 | 1 | @a语音信号鲁棒特征提取及可视化技术研究@b专著@f韩志艳,伦淑娴,王健著@Ayu yin xin hao lu bang te zheng ti qu ji ke shi hua ji shu yan jiu |
| 210 | @a沈阳@c东北大学出版社@d2012 | |
| 215 | @a130页@c图@d24cm | |
| 330 | @a本书系统地研究了语音信号鲁棒特征提取和可视化问题。全书共分为9章。第1章介绍了课题的国内外研究现状、意义和需要解决的难题;第2章对语言信号分析的相关问题进行了介绍;第3~8章介绍了语音信号端点检测技术、神经网络分类器设计、动静态鲁棒特征参数提取、特征参数优化、可视化技术等问题的研究成果;第9章归纳全书并对今后工作提出展望。 | |
| 606 | 0 | @a语声信号处理@x研究 |
| 606 | 0 | @a可视化仿真@x研究 |
| 606 | 0 | @a语声信号处理 |
| 606 | 0 | @a可视化仿真 |
| 690 | @aTN912.3@v5 | |
| 690 | @aTP391.99@v5 | |
| 690 | @aTN912@v4 | |
| 701 | 0 | @a韩志艳@c(女,@f1982~)@4著@Ahan zhi yan |
| 701 | 0 | @a伦淑娴@c(女,@f1972.1~)@4著@Alun shu xian |
| 701 | 0 | @a王健@c(1982~)@4著@Awang jian |
| 801 | 2 | @aCN@b辽宁北配@c20231205 |
| 905 | @aBZT@dTN912@e48 | |
| 语音信号鲁棒特征提取及可视化技术研究/韩志艳,伦淑娴,王健著.-沈阳:东北大学出版社,2012 |
| 130页:图;24cm |
| ISBN 978-7-5517-0113-6:25.00CNY |
| 本书系统地研究了语音信号鲁棒特征提取和可视化问题。全书共分为9章。第1章介绍了课题的国内外研究现状、意义和需要解决的难题;第2章对语言信号分析的相关问题进行了介绍;第3~8章介绍了语音信号端点检测技术、神经网络分类器设计、动静态鲁棒特征参数提取、特征参数优化、可视化技术等问题的研究成果;第9章归纳全书并对今后工作提出展望。 |
| ● |
| 相关链接 |
|
|
|
正题名:语音信号鲁棒特征提取及可视化技术研究
索取号:TN912/48
 
预约/预借
| 序号 | 登录号 | 条形码 | 馆藏地/架位号 | 状态 | 备注 |
| 1 | 2001619004 | 2001619004 | 辽三/辽宁北配(第三批)/2519/ [索取号:TN912/48] | 在馆 | |
| 2 | 2001619005 | 2001619005 | 辽三/辽宁北配(第三批)/2519/ [索取号:TN912/48] | 在馆 | |
| 3 | 2001619006 | 2001619006 | 辽三/辽宁北配(第三批)/2519/ [索取号:TN912/48] | 在馆 | |
| 4 | 2001619007 | 2001619007 | 辽三/辽宁北配(第三批)/2519/ [索取号:TN912/48] | 在馆 | |
| 5 | 2001619008 | 2001619008 | 辽三/辽宁北配(第三批)/2519/ [索取号:TN912/48] | 在馆 | |
| 6 | 2001619009 | 2001619009 | 辽三/辽宁北配(第三批)/2519/ [索取号:TN912/48] | 在馆 | |
| 7 | 2001619010 | 2001619010 | 辽三/辽宁北配(第三批)/2519/ [索取号:TN912/48] | 在馆 | |
| 8 | 2001619011 | 2001619011 | 辽三/辽宁北配(第三批)/2519/ [索取号:TN912/48] | 在馆 | |
| 9 | 2001619012 | 2001619012 | 辽三/辽宁北配(第三批)/2519/ [索取号:TN912/48] | 在馆 | |
| 10 | 2001619013 | 2001619013 | 辽三/辽宁北配(第三批)/2519/ [索取号:TN912/48] | 在馆 | |
| 11 | 2001619014 | 2001619014 | 辽三/辽宁北配(第三批)/2519/ [索取号:TN912/48] | 在馆 | |
| 12 | 2001619015 | 2001619015 | 辽三/辽宁北配(第三批)/2519/ [索取号:TN912/48] | 在馆 | |
| 13 | 2001619016 | 2001619016 | 辽三/辽宁北配(第三批)/2519/ [索取号:TN912/48] | 在馆 | |
| 14 | 2001619017 | 2001619017 | 辽三/辽宁北配(第三批)/2519/ [索取号:TN912/48] | 在馆 | |
| 15 | 2001619018 | 2001619018 | 辽三/辽宁北配(第三批)/2519/ [索取号:TN912/48] | 在馆 | |
| 16 | 2001619019 | 2001619019 | 辽三/辽宁北配(第三批)/2519/ [索取号:TN912/48] | 在馆 | |
| 17 | 2001619020 | 2001619020 | 辽三/辽宁北配(第三批)/2519/ [索取号:TN912/48] | 在馆 | |
| 18 | 2001619021 | 2001619021 | 辽三/辽宁北配(第三批)/2519/ [索取号:TN912/48] | 在馆 | |
| 19 | 2001619022 | 2001619022 | 辽三/辽宁北配(第三批)/2519/ [索取号:TN912/48] | 在馆 | |
| 20 | 2001619023 | 2001619023 | 辽三/辽宁北配(第三批)/2519/ [索取号:TN912/48] | 在馆 | |
| 21 | 2001619024 | 2001619024 | 辽三/辽宁北配(第三批)/2519/ [索取号:TN912/48] | 在馆 | |
| 22 | 2001619025 | 2001619025 | 辽三/辽宁北配(第三批)/2519/ [索取号:TN912/48] | 在馆 | |
| 23 | 2001619026 | 2001619026 | 辽三/辽宁北配(第三批)/2519/ [索取号:TN912/48] | 在馆 | |
| 24 | 2001619027 | 2001619027 | 辽三/辽宁北配(第三批)/2519/ [索取号:TN912/48] | 在馆 | |
| 25 | 2001619028 | 2001619028 | 辽三/辽宁北配(第三批)/2519/ [索取号:TN912/48] | 在馆 | |
| 26 | 2001619029 | 2001619029 | 辽三/辽宁北配(第三批)/2519/ [索取号:TN912/48] | 在馆 | |
| 27 | 2001619030 | 2001619030 | 辽三/辽宁北配(第三批)/2519/ [索取号:TN912/48] | 在馆 | |
| 28 | 2001619031 | 2001619031 | 辽三/辽宁北配(第三批)/2519/ [索取号:TN912/48] | 在馆 | |
| 29 | 2001619032 | 2001619032 | 辽三/辽宁北配(第三批)/2519/ [索取号:TN912/48] | 在馆 | |
| 30 | 2001619033 | 2001619033 | 辽三/辽宁北配(第三批)/2519/ [索取号:TN912/48] | 在馆 |